| 000 | 00000cam 2200000zi 4500 |
| 001 | 9.962747 |
| 003 | CaOODSP |
| 005 | 20260513101437 |
| 006 | m o d f |
| 007 | cr mn||||||||| |
| 008 | 260513s1984 onc ob f000 0 fre d |
| 040 | |aCaOODSP|bfre|erda|cCaOODSP |
| 043 | |an-cn--- |
| 086 | 1 |aJS4-1/1984-58F-PDF |
| 100 | 1 |aWormith, J. S., |eauteur. |
| 245 | 14|aDes communautés correctionnelles à accès limité au Canada / |cStephen Wormith, Tonia Barker, Mario Dion, Leeman Long, Louis Zeitoun, Richard Zubrycki. |
| 264 | 1|a[Ottawa] : |bSolliciteur général du Canada, Secrétariat du Ministère, |c1984. |
| 300 | |a1 ressource en ligne (iii, 153 pages). |
| 336 | |atexte|btxt|2rdacontent/fre |
| 337 | |ainformatique|bc|2rdamedia/fre |
| 338 | |aressource en ligne|bcr|2rdacarrier/fre |
| 490 | 1 |aRapport pour spécialistes ; |vno. 1984-58 |
| 500 | |aÉdition numérisée de l'imprimée [par Sécurité publique Canada]. |
| 500 | |aPublié aussi en anglais sous le titre : Limited access correctional communities for Canada. |
| 500 | |a« Ce document de travail est publié tel que présenté par les auteurs. Les opinions qui y sont exprimées sont celles des auteurs et ne reflètent pas nécessairement les vues du ministère du Solliciteur général du Canada. » |
| 504 | |aComprend des références bibliographiques (pages 79-82). |
| 520 | |a« L'Annexe A présente la genèse des communautés correctionnelles à accès limité (CCAL) dans une perspective historique et internationale. Les CCAL des premières époques avaient pour caractéristiques l'exil et la rigueur du châtiment, souvent sous la forme de travaux forcés dans une colonie éloignée où la pénurie de main-d'oeuvre était criante » -- Aperçu historique, page [1]. |
| 650 | 6|aÉtablissements de correction|zCanada. |
| 650 | 6|aColonies pénitentiaires|zCanada. |
| 710 | 1 |aCanada. |bSolliciteur général Canada, |eorganisme de publication. |
| 775 | 08|tLimited access correctional communities for Canada / |w(CaOODSP)9.962746 |
| 830 | #0|aRapport pour spécialistes (Canada. Solliciteur général Canada)|vno. 1984-58.|w(CaOODSP)9.808484 |
| 856 | 40|qPDF|s1.49 Mo|uhttps://publications.gc.ca/collections/collection_2026/sp-ps/js4-1/JS4-1-1984-58-fra.pdf |